| 000 | 00472nam a2200169Ia 4500 | ||
|---|---|---|---|
| 008 | 240729s9999 xx 000 0 und d | ||
| 022 | _a1469-3682 | ||
| 245 | 0 | _aCritical Public Health | |
| 260 | _aUnited Kingdom | ||
| 260 | _bTaylor & Francis Group | ||
| 650 | _a Medicine (General) | ||
| 650 | _a Public aspects of medicine | Medicine | ||
| 650 | _aMedicine | ||
| 856 | _uhttps://doaj.org/toc/a00c78cad9a247309002624f58103374 | ||
| 942 | _2ddc | ||
| 942 | _cDOAJEJ | ||
| 999 |
_c74631 _d74631 |
||
| 945 |
_a1 _bMadushi Gamage _c1 _dMadushi Gamage |
||